00245nam a2200109Ia 4500008004100000100001100041245001900052260001800071650002200089942000700111999001700118190216s9999||||xx |||||||||||||| ||und|| aAntony 0aKadalirambunnu bCurrent Books aMalayalam Nadakam cBK c23779d23779